000 00998naa a22002897a 4500
001 BR9604155
003 BR-BrBNA
005 20240918181536.0
007 ta
008 230509b bl.||||| |||| 00| 0 por d
040 _aBR-BrBNA
_bpor
_cBiblioteca Nacional de Agricultura
041 _a(Pt)
072 _aF30
_b1121
090 _aF30 BR9604155
100 1 _aNodari, R.O.
100 1 _aGuerra, M.P.
100 1 _aReis, A.
111 1 _a5. Congresso Florestal Estadual
_cNova Prata, RS (Brazil)
_d17-22 Sep 1984
245 1 _aMelhoramento e manejo do palmiteiro
260 3 _aPorto Alegre, RS (Brasil):
_c1984.
500 _aAnais. 5. Congresso Estadual Florestal. V. 3 Porto Alegre, RS (Brasil): 1984. p. 653-654 (BR9604155-AM)F30
650 _aPalmito
650 _aMelhoramento Genetico Vegetal
773 0 _tAnais. 5. Congresso Estadual Florestal. V. 3
_wF30 BR9604155
_gPorto Alegre, RS (Brasil), 1984. p. 653-654
909 _a202404
_bLucia
_c55
_dLucia Elande
942 _cAM
_2AGRIS
999 _c325746
_d325746